| 000 | 00569nam a2200205 u 4500 | ||
|---|---|---|---|
| 005 | 20250903063914.0 | ||
| 008 | 081121s2001 r 000 0 eng d | ||
| 020 | _a9706990437 | ||
| 035 | _aUPN01000168058 | ||
| 049 | _aCG | ||
| 050 | 4 |
_aPQ7298.23 E5.2 _bA7 |
|
| 100 | 1 |
_aMendoza, Elmer, _d1949- _934431 |
|
| 245 | 1 | 3 |
_aUn asesino solitario / _cElmer Mendoza. |
| 260 |
_aMéxico : _bTusquets, _c2001. |
||
| 300 | _a228 p. | ||
| 440 | 0 | _aAndanzas | |
| 650 | 4 |
_aLiteratura mexicana _ySiglo XXI _917492 |
|
| 650 | 4 |
_aASESINATO EN LA LITERATURA _92194 |
|
| 905 | _aLibro | ||
| 999 |
_c140166 _d140166 |
||